BIBLIOTHÈQUE DE LA MAISON DU MEXIQUE

Logo 1 Logo 2

Ch'ol / Kaxlan (notice nᵒ 6097)

détails MARC
000 -Sello discográfico
campo de control de longitud fija 01030nam a2200289 4500
005 - Identificación de versión
campo de control 20251016082423.0
010 ## - Número Estándar Internacional de Libros (ISBN)
Número (ISBN) 968-36-7602-2
099 ## - fechas locales
Tipo de ítem Koha LIBRO
100 ## - Datos de procesamiento general
Datos de procesamiento general 20220406d1999 m y1spay5003 ba
105 ## - Campo de datos codificados: Material textual, monográfico
Datos codificados de monografía a 001zy
200 1# - Título y mención de responsabilidad
Título propio Ch'ol / Kaxlan
Designación general del material texto impreso
Otra información del título identidades étnicas y conflicto agrario en el norte de Chiapas, 1914-1940
Primer mención de responsabilidad José Alejos García
205 ## - Declaración de edición
Declaración de edición 1a ed
210 ## - Publicación, distribución, etc.
Lugar de publicación, distribución, etc. México
Nombre del editor, distribuidor, etc. Universidad Nacional Autónoma de México, Instituto de Investigaciones Filológicas
Fecha de publicación, distribución, etc. 1999
215 ## - Descripción física
Designación de material específico y extensión del ítem 340 p
Otras características físicas il.
Dimensiones 23 cm
345 ## - Nota de información de adquisición
Fuente de adquisición/dirección de la suscripción [OBSOLETO] Donación
606 ## - Término temático usado como materia
Elemento de entrada Choles (Indios)
Subdivisión temática Vida social y costumbres
Número Koha 2134
606 ## - Término temático usado como materia
Elemento de entrada Comunidades agrarias
Subdivisión geográfica Tumbalá, Chiapas (México)
Número Koha 2135
660 ## - Código de área geográfica
Código MX
700 ## - Nombre personal - Responsabilidad primaria
Elemento de entrada Alejos García
Parte del nombre distinta del elemento de entrada José
Fechas 1955-
Número Koha 466
801 #0 - Fuente de origen
País FR
Agencia cm
Reglas de catalogación (convenciones descriptivas) AFNOR
900 ## -
-- 1/21671
900 ## -
-- 7100417642\080104
942 ## - ELEMENTOS DE ENTRADA SECUNDARIOS (KOHA)
Tipo de ítem Koha Livre
996 ## -
-- MEX
-- 751145101
-- MMAG
-- 006310
-- 572.09 A366CH
-- 20220406LIV
Exemplaires
Estatus retirado Estado de daño Estado de pérdida Fecha de adquisición Biblioteca de origen Biblioteca actual Ubicación en estantería Código de barras Precio de reemplazo Signatura topográfica completa No para préstamo Tipo de ítem Koha Nota pública Nota no pública
      05/08/2025 Casa México Paris Casa México Paris   006310 05/08/2025 572.09 A366CH   Livre 20220406LIV 751145101